[Event "SRI-chB (Women)"]
[Site "Colombo"]
[Date "2016.03.19"]
[Round "5"]
[White "Peththanayake, Nuwani"]
[Black "Goyumi, Sasika MW"]
[Result "1-0"]
[WhiteElo "1236"]
[BlackElo "1521"]
[PlyCount "159"]
[EventDate "2016.03.12"]
[EventType "swiss"]
[EventRounds "10"]
[EventCountry "SRI"]
[SourceTitle "CBM 171 Extra"]
[Source "ChessBase"]
[SourceDate "2016.04.26"]
[SourceVersion "1"]
[SourceVersionDate "2016.04.26"]
[SourceQuality "1"]

1. e4 c5 2. Nf3 d6 3. d4 cxd4 4. Nxd4 Nf6 5. Nc3 Nc6 6. Bc4 g6 7. f3 Bg7 8. Be3 Bd7 9. Qd2 0-0 10. 0-0-0 Ne5 11. Be2 Rc8 12. h4 h5 13. Rdg1 Nc4 14. Bxc4 Rxc4 15. Nde2 Qa5 16. a3 Kh7 17. Bg5 Rh8 18. g4 Kg8 19. gxh5 Rxh5 20. Nf4 Rh7 21. h5 Nxh5 22. Nxh5 gxh5 23. Bh6 Kh8 24. Qg2 Bxh6+ 25. Kb1 Rg7 26. Qe2 Qc5 27. Rxg7 Bxg7 28. f4 Qa5 29. Rxh5+ Qxh5 30. Qxh5+ Kg8 31. Qd5 Rc6 32. Qg5 f6 33. Qg6 Kf8 34. Nd5 Be8 35. Qh7 Bf7 36. Nxe7 Kxe7 37. Qxg7 Rc4 38. Qh7 Rc5 39. Kc1 Rh5 40. Qg7 Rh4 41. e5 Rh1+ 42. Kd2 dxe5 43. fxe5 fxe5 44. Qxe5+ Be6 45. Qc7+ Bd7 46. Qxb7 Rh2+ 47. Kc1 a5 48. Qe4+ Be6 49. Qe5 Rh1+ 50. Kd2 Rb1 51. Kc3 a4 52. Qc5+ Kf7 53. Qa7+ Kf6 54. Qxa4 Rf1 55. Qd4+ Ke7 56. Qe4 Kf6 57. a4 Rf5 58. b4 Re5 59. Qd4 Kf5 60. a5 Bd5 61. b5 Be6 62. a6 Re4 63. Qc5+ Re5 64. Qb6 Bd5 65. a7 Re6 66. Qf2+ Ke5 67. Qc5 Re8 68. Kd3 Rg8 69. c4 Rg3+ 70. Ke2 Rg2+ 71. Kf1 Ra2 72. Qxd5+ Kf4 73. a8Q Rxa8 74. Qxa8 Ke5 75. b6 Kd4 76. b7 Kxc4 77. b8Q Kd4 78. Qa5 Kd3 79. Qb2 Ke4 80. Qbb4+ 1-0